| 000 | 01615nam a2200205 a 4500 | ||
|---|---|---|---|
| 008 | 161215t2015 ag a|||g |||| 00| p spa d | ||
| 020 | _a9789876044479 | ||
| 041 | _aspa | ||
| 092 |
_c808.8 _l91 _sVER |
||
| 100 | 1 |
_aVera, Clara Miriam _93270 |
|
| 245 | 3 |
_aLa libertad de sábanas al viento / _cClara Miriam Vera |
|
| 250 | _a1a ed. | ||
| 260 |
_aNeuquén: _bEDUCO; _c2015. |
||
| 300 |
_a93 p. _b23x16 cm |
||
| 500 | _aVera, C. M. (2015). La libertad de sábanas al viento. (1a ed.). Neuquén : EDUCO. | ||
| 505 | _aEn la jerga futbolística se dice que el potrero de barrio, donde los pibes y las pibas ensayan sus intentos de gambetas, es el "semillero" de los grandes equipos. En este compilado de frescos versos, tenemos un "semillero" de las letras patagónicas y, a la vez, argentinas. Pero, curiosamente, cuando se recorre América Latina a través de sus expresiones sin fama ni renombre, a través de esas deslumbrantes Bases Sociales, el viajero se tropieza con extraordinarias poetisas. Algunas lograron publicar sus sentimientos; otras recitan en los retoranes lo que han escrito con sus manos en enrollados papelitos. Y ellas concuerdan que esa efervescencia literaria merece derrumbar fronteras políticas y difundir, cual fenómeno gaseoso, de una Océano al otro, del Polo Sur al Río Bravo. Por eso las letras son irreverentes con las líneas imaginarias de los mapas. En este compendio poético tenemos una semilla que puede arraigar en un insospechado rincón del Continente. | ||
| 590 | _aProyecto 4to libro. Donación EDUCO, Septiembre 2017. | ||
| 655 |
_aPoesia _92929 |
||
| 942 |
_2ddc _cLIT |
||
| 999 |
_c2438 _d2438 |
||